[Event "34th Chess Olympiad (men)"]
[Site "Istanbul"]
[Date "2000.11.04"]
[Round "7.1.1"]
[White "Huebner, Robert Dr."]
[Black "Ftacnik, Lubomir"]
[WhiteElo "2615"]
[BlackElo "2608"]
[WhiteCountry "GER"]
[BlackCountry "SVK"]
[Result "1/2-1/2"]

1. d4 Nf6 2. c4 g6 3. Nc3 d5 4. Nf3 Bg7 5. cxd5 Nxd5 6. e4 Nxc3 7. bxc3 c5 
8. Be3 Qa5 9. Qd2 Nc6 10. Rb1 a6 11. Rc1 cxd4 12. cxd4 Qxd2+ 13. Kxd2 e6 
14. Bc4 O-O 15. Rhd1 Bd7 16. Ke1 Na5 17. Be2 Rfc8 18. Bd2 Nc6 19. d5 exd5 
20. exd5 Nd4 21. Nxd4 Bxd4 22. Bf4 Bc3+ 23. Bd2 Be5 24. h3 Rxc1 25. Rxc1 Rc8 
26. Rxc8+ 
1/2-1/2

[Event "34th Chess Olympiad (men)"]
[Site "Istanbul"]
[Date "2000.11.04"]
[Round "7.1.3"]
[White "Bischoff, Klaus"]
[Black "Timoscenko, Genadij"]
[WhiteElo "2556"]
[BlackElo "2529"]
[WhiteCountry "GER"]
[BlackCountry "SVK"]
[Result "1/2-1/2"]

1. c4 e6 2. g3 d5 3. Bg2 Nf6 4. Nf3 dxc4 5. Qa4+ Nbd7 6. Qxc4 c5 7. Qb3 Rb8 
8. d3 Bd6 9. a4 O-O 10. Na3 Ne5 11. Nxe5 Bxe5 12. Nc4 Bc7 13. O-O Nd5 
14. Rd1 Bd7 15. e4 Ne7 16. Be3 b6 17. d4 cxd4 18. Bxd4 Nc6 19. Bc3 Qe7 
20. e5 Na5 21. Qa2 Bc6 22. b4 Bxg2 
1/2-1/2

[Event "34th Chess Olympiad (men)"]
[Site "Istanbul"]
[Date "2000.11.04"]
[Round "7.1.4"]
[White "Markos, Jan"]
[Black "Luther, Thomas"]
[WhiteElo "2327"]
[BlackElo "2547"]
[WhiteCountry "SVK"]
[BlackCountry "GER"]
[Result "1/2-1/2"]

1. d4 e6 2. c4 Nf6 3. Nf3 d5 4. Nc3 Bb4 5. cxd5 exd5 6. Bg5 Nbd7 7. Qc2 O-O 
8. a3 Bxc3+ 9. Qxc3 c6 10. e3 h6 11. Bh4 Qe8 12. Bd3 Ne4 13. Qc2 Nb6 
14. O-O Bf5 15. a4 Qe6 16. Nd2 Nd6 17. Nb3 Bxd3 18. Qxd3 Nf5 19. Nc5 Qg6 
20. Bg3 Nxg3 21. hxg3 Qxd3 22. Nxd3 Nc4 23. Rfc1 Nd6 24. Rc2 h5 25. Nc5 Rfe8 
26. Kf1 g6 27. Ke2 Kg7 28. Kd3 Re7 29. a5 Rc8 30. Rac1 a6 31. b3 Rh8 
32. Rh1 Nb5 33. Rcc1 Rhe8 34. Rh4 f5 35. Kd2 Nd6 36. Rch1 Kf6 37. Kd3 Nf7 
38. Ra1 Nd6 39. Rah1 Nb5 40. Kd2 Nd6 
1/2-1/2

[Event "34th Chess Olympiad (men)"]
[Site "Istanbul"]
[Date "2000.11.04"]
[Round "7.2.4"]
[White "Sutovsky, Emil"]
[Black "Sakaev, Konstantin"]
[WhiteElo "2609"]
[BlackElo "2627"]
[WhiteCountry "ISR"]
[BlackCountry "RUS"]
[Result "1/2-1/2"]

1. e4 e5 2. Nf3 Nc6 3. Bb5 Nf6 4. Bxc6 dxc6 5. d3 Bd6 6. Nbd2 Be6 7. d4 Nd7 
8. dxe5 Nxe5 9. Nxe5 Bxe5 10. O-O O-O 11. Qh5 Bf6 12. Nf3 g6 13. Qa5 b6 
14. Qa4 c5 15. c3 
1/2-1/2

[Event "34th Chess Olympiad (men)"]
[Site "Istanbul"]
[Date "2000.11.04"]
[Round "7.3.2"]
[White "Almasi, Zoltan"]
[Black "Eingorn, Vereslav S"]
[WhiteElo "2668"]
[BlackElo "2586"]
[WhiteCountry "HUN"]
[BlackCountry "UKR"]
[Result "1/2-1/2"]

1. e4 e5 2. Nf3 Nc6 3. Bb5 a6 4. Ba4 Nf6 5. O-O Be7 6. Re1 d6 7. c3 Bg4 
8. h3 Bh5 9. d3 Qd7 10. Bg5 h6 11. Bxf6 Bxf3 12. Qxf3 Bxf6 13. Nd2 O-O 
14. Nf1 Bg5 15. Ne3 Bxe3 16. Qxe3 Qe7 17. d4 b5 18. Bb3 Na5 19. Bd5 c6 
20. Bb3 Qg5 21. dxe5 dxe5 22. Rad1 Rfd8 23. Qb6 
1/2-1/2

[Event "34th Chess Olympiad (men)"]
[Site "Istanbul"]
[Date "2000.11.04"]
[Round "7.4.4"]
[White "Asrian, Karen"]
[Black "Pedersen, Steffen"]
[WhiteElo "2566"]
[BlackElo "2464"]
[WhiteCountry "ARM"]
[BlackCountry "DEN"]
[Result "1-0"]

1. e4 e6 2. d4 d5 3. Nd2 dxe4 4. Nxe4 Nd7 5. Nf3 Ngf6 6. Nxf6+ Nxf6 7. Bd3 c5 
8. O-O cxd4 9. Nxd4 Bc5 10. Be3 Qe7 11. c3 O-O 12. Qf3 Nd5 13. Bd2 Bxd4 
14. cxd4 Bd7 15. Rfe1 Bc6 16. Qg4 Rae8 17. Qg3 f5 18. Re5 Qc7 19. Rae1 Qd7 
20. Qh4 Bb5 21. Bc2 Nb6 22. b3 Bc6 23. Bd3 Nd5 24. f3 b5 25. Qf2 Nf6 
26. Kh1 Bd5 27. Bb4 Rf7 28. Qe2 Rb8 29. Qd2 h6 30. Bf1 a6 31. Rc1 Qb7 
32. Ree1 Rd8 33. Ba5 Re8 34. Rc5 Rd7 35. Rec1 e5 36. Rc7 Rxc7 37. Rxc7 Qb8 
38. dxe5 Rxe5 39. Rc5 Qf8 40. Qd4 Qd6 41. Bc7 
1-0

[Event "34th Chess Olympiad (men)"]
[Site "Istanbul"]
[Date "2000.11.04"]
[Round "7.5.2"]
[White "Speelman, Jonathan S"]
[Black "Cvitan, Ognjen"]
[WhiteElo "2623"]
[BlackElo "2541"]
[WhiteCountry "ENG"]
[BlackCountry "CRO"]
[Result "1/2-1/2"]

1. d4 e5 2. dxe5 e6 3. c3 Nf6 4. e5 Nd5 5. d4 cxd4 6. cxd4 d6 7. a3 Nd7 
8. Bd3 dxe5 9. dxe5 Be7 10. O-O b6 11. Re1 O-O 12. Nbd2 Nc5 13. Bc2 Nf4 
14. b4 Ncd3 15. Re4 Ba6 16. Nc4 Nxc1 
1/2-1/2

[Event "34th Chess Olympiad (men)"]
[Site "Istanbul"]
[Date "2000.11.04"]
[Round "7.5.4"]
[White "Emms, John M"]
[Black "Zaja, Ivan"]
[WhiteElo "2527"]
[BlackElo "2513"]
[WhiteCountry "ENG"]
[BlackCountry "CRO"]
[Result "1/2-1/2"]

1. e4 e6 2. d4 d5 3. Nd2 Nf6 4. Bd3 c5 5. e5 Nfd7 6. c3 Nc6 7. Ne2 cxd4 
8. cxd4 f6 9. exf6 Qxf6 10. Nf3 h6 11. O-O Bd6 12. Bc2 O-O 13. Be3 Rf7 
14. Ng3 Nf8 15. Qd2 Bd7 16. Nh5 Qe7 17. Bf4 Bxf4 18. Nxf4 Qb4 19. Qe3 Qxb2 
20. Rfc1 Qb6 21. Rab1 Qd8 22. Nd3 b6 23. Nfe5 Nxe5 24. Nxe5 Re7 25. Qa3 Be8 
26. Bd3 Rb8 27. g3 a5 28. Rc6 Reb7 29. Rc3 b5 30. Rc5 a4 31. Qb4 Qd6 32. a3 Nd7 
33. Nxd7 Qxd7 34. Re1 Qf7 35. Bf1 Qf6 36. Bh3 Bd7 37. Rc2 Kh8 38. Re5 Rc8 
39. Rxc8+ Bxc8 40. Qc5 Bd7 41. Qd6 Kh7 42. Kg2 b4 43. axb4 a3 44. b5 a2 
45. Qa3 Bxb5 46. Qxa2 Bd3 47. Bg4 
1/2-1/2

[Event "34th Chess Olympiad (men)"]
[Site "Istanbul"]
[Date "2000.11.04"]
[Round "7.6.2"]
[White "Xu, Jun"]
[Black "Villamayor, Bong"]
[WhiteElo "2668"]
[BlackElo "2495"]
[WhiteCountry "CHN"]
[BlackCountry "PHI"]
[Result "1/2-1/2"]

1. h4 d5 2. c4 dxc4 3. Nc3 Nf6 4. Nf3 e6 5. Bg5 h6 6. Bh4 Be7 7. e3 Nbd7 
8. Qc2 a6 9. Bd3 dxc4 10. Bxc4 b5 11. Be2 c5 12. dxc5 Nxc5 13. O-O Bb7 
14. Rfd1 Qb6 15. a4 b4 16. a5 Qc6 17. Nb1 Qe4 18. Qxe4 Nfxe4 19. Bxe7 Kxe7 
20. Nd4 Rac8 21. f3 Nd6 22. Nd2 e5 23. Nc2 Nb3 24. Nxb3 Rxc2 25. Rd2 Rxd2 
26. Nxd2 Rc8 27. Bd3 f5 28. Ra4 e4 29. fxe4 fxe4 30. Bb1 Rc1+ 31. Kf2 Rd1 
32. Ke2 Rg1 33. Kf2 Rd1 34. Ke2 Rg1 
1/2-1/2

[Event "34th Chess Olympiad (men)"]
[Site "Istanbul"]
[Date "2000.11.04"]
[Round "7.6.3"]
[White "Nadera, Barlo A"]
[Black "Peng, Xiaomin"]
[WhiteElo "2403"]
[BlackElo "2657"]
[WhiteCountry "PHI"]
[BlackCountry "CHN"]
[Result "1/2-1/2"]

1. d4 Nf6 2. c4 g6 3. Nc3 Bg7 4. e4 d6 5. h3 O-O 6. Nf3 e5 7. d5 Na6 8. g4 Nc5 
9. Qc2 a5 10. Be3 c6 11. Be2 cxd5 12. cxd5 Ne8 13. Nd2 Bd7 14. O-O-O Rc8 
15. Kb1 a4 16. Rc1 f5 17. f3 fxg4 18. hxg4 Bf6 19. Qd1 Bg5 20. Qg1 Rf7 
21. Rc2 Bxe3 22. Qxe3 Rb8 23. Bb5 Nc7 24. Bxd7 Qxd7 25. Nc4 b6 26. Rch2 N7a6 
27. Qe2 b5 28. Ne3 b4 29. Ncd1 Rbf8 30. Rh3 Qe7 31. Nc4 Nc7 32. Na5 Ne8 
33. Qe3 b3 34. a3 Qa7 35. Nc6 Qa6 36. Nf2 Qb5 37. g5 h5 38. gxh6 Kh7 
39. Rg3 Nf6 40. Rgg1 Nh5 41. Nh3 Kh8 42. Ng5 Rb7 43. Rc1 Nd3 44. Ne6 Ra8 
45. Rc3 Ndf4 46. Ncd8 Rd7 47. Nxf4 Nxf4 48. Ne6 Nxe6 49. dxe6 Re7 50. h7 Rxe6 
51. Rc7 Qb8 52. Qc3 Qf8 53. Qc6 Rae8 54. Rf1 Ra8 55. Qd7 Rf6 56. Qc6 Qe8 
57. Qc4 Qe6 58. Qc6 Qe8 59. Qc4 Qe6 60. Qc6 
1/2-1/2

[Event "34th Chess Olympiad (men)"]
[Site "Istanbul"]
[Date "2000.11.04"]
[Round "7.7.2"]
[White "Ilincic, Zlatko"]
[Black "Shabalov, Alexander"]
[WhiteElo "2563"]
[BlackElo "2601"]
[WhiteCountry "YUG"]
[BlackCountry "USA"]
[Result "1/2-1/2"]

1. e4 f5 2. Ba6 c5 3. Nf3 Nf6 4. g3 dxc4 5. Bg2 a6 6. O-O Nc6 7. Nc3 Rb8 
8. e4 Be7 9. d5 exd5 10. exd5 Nb4 11. Ne5 Bf5 12. a3 Nd3 13. Nxc4 Nxc1 
14. Rxc1 O-O 15. Qd4 Ne8 16. Rfe1 Nd6 17. Ne5 Re8 18. h3 Bf8 19. Kh2 Qf6 
20. f4 h5 21. h4 Rbd8 22. Ne2 Bh7 23. Qa4 Nf5 24. Rxc7 Nxg3 25. Nxg3 Qxh4+ 
26. Bh3 Bf5 27. Nxf5 Qxe1 28. Qd4 f6 29. Nf3 Re2+ 30. Bg2 Qb1 31. N3h4 Rde8 
32. Ng3 Qxb2 33. Nxe2 Qxe2 34. d6 Qg4 35. Nf3 h4 36. Ng1 Re1 37. Qc4+ Kh7 
38. Qd3+ Kh6 39. Qf3 Qg3+ 40. Qxg3 hxg3+ 41. Kxg3 Bxd6 42. Nf3 Re4 
43. Rxb7 Rxf4 44. Rd7 Rd4+ 45. Kh3 Rd3 46. Bh1 a5 47. Kg2 Rd1 48. Ne1 Rxe1 
49. Rxd6 Re3 50. Kf2 Rxa3 51. Be4 Rb3 52. Ra6 Rb5 53. Ke3 Kg5 54. Bc6 Rb3+ 
55. Kd2 Ra3 56. Kc2 f5 57. Kb2 Rd3 58. Rxa5 Kf4 59. Kc2 Rd8 60. Bd5 Ke3 
61. Bc4 f4 62. Ra7 g5 63. Re7+ Kf3 64. Be2+ Kg3 65. Rg7 
1/2-1/2

[Event "34th Chess Olympiad (men)"]
[Site "Istanbul"]
[Date "2000.11.04"]
[Round "7.7.4"]
[White "Kovacevic, Aleksandar"]
[Black "De Firmian Nick, E"]
[WhiteElo "2513"]
[BlackElo "2567"]
[WhiteCountry "YUG"]
[BlackCountry "USA"]
[Result "1-0"]

1. g4 c5 2. g5 Qb6 3. b4 Qa5 4. bxa5 cxd4 5. Nxd4 a6 6. Be3 Ng4 7. Bc1 Nf6 
8. Be3 Ng4 9. Bg5 h6 10. Bh4 g5 11. Bg3 Bg7 12. h3 Nf6 13. Qd2 Nc6 14. Nb3 b5 
15. a3 Be6 16. Be2 Nd7 17. O-O Bxb3 18. cxb3 Nd4 19. Qd1 Nc5 20. b4 Nce6 
21. Bg4 Be5 22. Bxe6 Nxe6 23. Qd5 Nf4 24. Bxf4 gxf4 25. a4 O-O 26. axb5 e6 
27. Qd3 axb5 28. Rxa8 Qxa8 29. Qxb5 Bxc3 30. bxc3 Qxe4 31. Qh5 Kh7 32. Qd1 Rg8 
33. f3 Qe3+ 34. Kh2 Qxc3 35. Qxd6 Qg7 36. Qd2 Qg3+ 37. Kh1 Qg5 38. Qc2+ Kg7 
39. Qb2+ Kg6 40. b5 Rb8 41. b6 Rb7 42. Qb4 Qe5 43. Rb1 Kg7 44. Kh2 Qf5 
45. Rc1 e5 46. Rc7 Rb8 47. b7 Qg5 48. Kh1 Qh4 49. Qe4 Qf6 50. Rc8 Qd6 
51. Kh2 h5 52. h4 f6 53. Re8 Qf8 54. Qc6 Qg8 55. Qc8 
1-0

[Event "34th Chess Olympiad (men)"]
[Site "Istanbul"]
[Date "2000.11.04"]
[Round "7.8.2"]
[White "Kunte, Abhijit"]
[Black "Georgiev, Kiril"]
[WhiteElo "2556"]
[BlackElo "2661"]
[WhiteCountry "IND"]
[BlackCountry "BUL"]
[Result "0-1"]

1. a4 c5 2. Nf3 d6 3. d4 cxd4 4. Nxd4 Nf6 5. Nc3 a6 6. f3 e6 7. Be3 b5 
8. Qd2 Nbd7 9. g4 Nb6 10. g5 Nfd7 11. O-O-O Qc7 12. h4 Ne5 13. Bd3 b4 
14. Nce2 d5 15. g6 hxg6 16. Bg5 Nxd3+ 
0-1

[Event "34th Chess Olympiad (men)"]
[Site "Istanbul"]
[Date "2000.11.04"]
[Round "7.8.4"]
[White "Prasad, Devaki V"]
[Black "Kolev, Atanas"]
[WhiteElo "2431"]
[BlackElo "2582"]
[WhiteCountry "IND"]
[BlackCountry "BUL"]
[Result "1/2-1/2"]

1. e4 e6 2. d4 d5 3. Nc3 Bb4 4. e5 Ne7 5. Bd2 b6 6. Nce2 Bxd2+ 7. Qxd2 c5 
8. c3 Ba6 9. Nf3 Nbc6 10. h4 Rc8 11. h5 h6 12. Nf4 Bxf1 13. Kxf1 Qc7 
14. g4 cxd4 15. cxd4 Na5 16. Kg2 Qc2 17. Rac1 Qxd2 18. Rxc8+ Nxc8 19. Nxd2 Nc6 
1/2-1/2

[Event "34th Chess Olympiad (men)"]
[Site "Istanbul"]
[Date "2000.11.04"]
[Round "7.9.2"]
[White "Giorgadze, Giorgi"]
[Black "Piket, Jeroen"]
[WhiteElo "2599"]
[BlackElo "2649"]
[WhiteCountry "GEO"]
[BlackCountry "NED"]
[Result "0-1"]

1. e4 d5 2. e5 Bf5 3. b4 Be6 4. g4 f5 5. gxf5 h5 6. Qxh5+ Rxh5 7. Ba6 bxa6 
8. O-O c6 9. f3 b6 10. g4 Ba6 11. Bc2 Nbd7 12. Rf2 Nf8 13. Ng3 Ne6 14. f4 Bxc3 
15. bxc3 Nc7 16. a4 Bc4 17. f5 Ne4 18. Bxe4 dxe4 19. f6 g6 20. g5 Qd7 
21. Rf4 Qh3 22. Qg4 Qxg4 23. Rxg4 Bd3 24. c4 b5 25. axb5 cxb5 26. cxb5 Nxb5 
27. Nh1 a5 28. Nf2 a4 29. Nxd3 h5 30. Rxe4 Rxe4 31. Nc5 Rg4+ 32. Kf2 h4 
33. Rxa4 Rxa4 34. Nxa4 h3 35. Nc5 Rg2+ 36. Kf3 Rxh2 37. Ne4 Rh1 38. Bd2 Rg1 
0-1

[Event "34th Chess Olympiad (men)"]
[Site "Istanbul"]
[Date "2000.11.04"]
[Round "7.9.3"]
[White "Van, Der Sterren Paul"]
[Black "Sturua, Zurab"]
[WhiteElo "2569"]
[BlackElo "2594"]
[WhiteCountry "NED"]
[BlackCountry "GEO"]
[Result "1/2-1/2"]

1. d4 Nf6 2. c4 e6 3. Nc3 Bb4 4. e3 c5 5. Bd3 O-O 6. Nf3 d5 7. O-O Nc6 
8. a3 Bxc3 9. bxc3 dxc4 10. Bxc4 Qc7 11. Bd3 e5 12. Qc2 Rd8 13. h3 Qe7 
14. Nxe5 Nxe5 15. dxe5 Qxe5 16. Bb2 Bxh3 17. gxh3 Qg5+ 18. Kh2 Ng4+ 19. Kh1 Qh4 
20. Kg2 Qg5 21. Kh1 Qh4 22. Kg2 Qg5 
1/2-1/2

[Event "34th Chess Olympiad (men)"]
[Site "Istanbul"]
[Date "2000.11.04"]
[Round "7.9.4"]
[White "Kacheishvili, Giorgi"]
[Black "Nijboer, Friso"]
[WhiteElo "2564"]
[BlackElo "2537"]
[WhiteCountry "GEO"]
[BlackCountry "NED"]
[Result "0-1"]

1. b4 f6 2. Nc3 Nf6 3. Nc3 g6 4. g3 Bg7 5. Bg2 O-O 6. Nge2 e5 7. O-O c6 
8. a4 a5 9. h3 Na6 10. Be3 Nb4 11. Qd2 Be6 12. Rad1 Bc4 13. b3 Ba6 14. Rfe1 Qc7 
15. g4 Rfd8 16. Ng3 Nxg4 17. hxg4 exd4 18. Bxd4 Bxd4 19. Qxd4 Nxc2 20. Qf6 Nxe1 
21. Rxe1 Re8 22. Qh4 d5 23. g5 Qd6 24. Re3 Qb4 25. Rf3 d4 26. Bh3 Re7 
27. e5 dxc3 28. Ne4 Kh8 29. Qf4 c2 30. Qf6+ Kg8 31. e6 c1=Q+ 32. Kh2 Bc4 
33. Qd4 Bxe6 34. Nf6+ Kh8 35. Qe5 Bxh3 
0-1

[Event "34th Chess Olympiad (men)"]
[Site "Istanbul"]
[Date "2000.11.04"]
[Round "7.10.2"]
[White "Zagrebelny, Sergey"]
[Black "Vladimirov, Evgeny"]
[WhiteElo "2536"]
[BlackElo "2598"]
[WhiteCountry "UZB"]
[BlackCountry "KAZ"]
[Result "1/2-1/2"]

1. e4 e5 2. Nf3 Nc6 3. Bb5 a6 4. Ba4 Nf6 5. O-O Be7 6. Re1 b5 7. Bb3 O-O 
8. c3 d6 9. h3 Nb8 10. d4 Nbd7 11. Nbd2 Bb7 12. Bc2 Re8 13. a4 Bf8 14. Bd3 c6 
15. Nf1 d5 16. Bg5 dxe4 17. Rxe4 h6 18. Bxf6 Qxf6 19. Qe2 c5 20. Nxe5 Nxe5 
21. Rxe5 Rxe5 22. Qxe5 Qxe5 23. dxe5 c4 24. Bf5 Re8 25. axb5 axb5 26. Re1 Bc6 
27. Be4 Bd7 28. Nd2 g5 29. Nf3 Bg7 30. Rd1 Be6 31. g4 b4 32. cxb4 Rb8 
33. Bf5 Bf8 34. Bxe6 fxe6 35. Rd7 Rxb4 36. Rc7 Rxb2 37. Rxc4 Bg7 38. Rc6 Kf7 
39. Rc7+ Kf8 40. h4 Rb4 41. hxg5 Rxg4+ 42. Kh2 hxg5 43. Kh3 Ra4 44. Nxg5 Bxe5 
45. Nxe6+ Ke8 46. Rb7 Ra6 47. Ng5 Ra4 48. f3 Rf4 49. Kg2 Rf5 50. Ne4 Rf7 
51. Rb5 Bf4 52. Kh3 Kf8 53. Kg4 Be3 54. Nd6 Rg7+ 55. Kh3 Rh7+ 56. Kg2 Rg7+ 
57. Kf1 Ba7 58. Ke2 Re7+ 59. Ne4 Rf7 60. Ra5 Kg7 61. Ra6 Bb8 62. Nc5 Rf5 
63. Ne6+ Kf7 64. Nd4 Rd5 65. Ke3 Re5+ 66. Kd3 Rh5 67. Rb6 Bh2 68. Rb2 Kf6 
69. Rb6+ Kf7 70. Rb7+ Kf6 71. Rd7 Ra5 72. Rh7 Bg3 73. Rh6+ Kf7 74. Rh3 Bf2 
75. Nc6 Rc5 76. Rh6 Bg3 77. Ke4 Rc4+ 78. Kd5 Rc3 79. Ke4 Rc4+ 80. Kd3 Ra4 
81. Rh3 Bd6 82. Rh7+ Kg6 83. Rd7 Bg3 
1/2-1/2

[Event "34th Chess Olympiad (men)"]
[Site "Istanbul"]
[Date "2000.11.04"]
[Round "7.10.3"]
[White "Kazhgaleyev, Murtas"]
[Black "Yuldashev, Saydali"]
[WhiteElo "2526"]
[BlackElo "2515"]
[WhiteCountry "KAZ"]
[BlackCountry "UZB"]
[Result "1-0"]

1. d4 Nf6 2. c4 g6 3. Nc3 Bg7 4. e4 d6 5. f4 O-O 6. Nf3 c5 7. dxc5 Qa5 
8. Bd3 Qxc5 9. Qe2 Nc6 10. Be3 Qa5 11. O-O Bg4 12. Rac1 Nd7 13. Qf2 Rac8 
14. Bb1 Bxf3 15. gxf3 Qh5 16. Kh1 Bf6 17. Rfd1 Rfd8 18. Qg2 Bg7 19. Rd5 Qh6 
20. Rg5 Bf6 21. Rg3 Bd4 22. Bd2 Qg7 23. f5 Nf6 24. f4 Kh8 25. b3 Nh5 26. Rh3 e5 
27. fxe6 fxe6 28. Ne2 e5 29. f5 Rg8 30. Rf1 Rcf8 31. Bd3 Bc5 32. Bg5 Nd4 
33. Nxd4 Bxd4 34. c5 Nf4 35. Bxf4 exf4 36. Bc4 g5 37. Qg4 dxc5 38. Bxg8 Rxg8 
39. Rh5 Qe7 40. Qe2 Qe5 41. h3 b5 42. Rd1 a5 43. Kg2 b4 44. Kf1 Qf6 45. Qf3 a4 
46. bxa4 Qa6+ 47. Qe2 Qxa4 48. f6 Qd7 49. Rd3 Qb7 50. Rh6 Rf8 51. h4 g4 
52. Qxg4 Rg8 53. Qf5 f3 54. Qxf3 Qa6 55. Rxh7+ 
1-0

[Event "34th Chess Olympiad (men)"]
[Site "Istanbul"]
[Date "2000.11.04"]
[Round "7.10.4"]
[White "Barsov, Alexei"]
[Black "Kostenko, Petr"]
[WhiteElo "2534"]
[BlackElo "2466"]
[WhiteCountry "UZB"]
[BlackCountry "KAZ"]
[Result "1/2-1/2"]

1. d4 Nf6 2. c4 g6 3. Nc3 d5 4. Nf3 Bg7 5. Bg5 Ne4 6. cxd5 Nxg5 7. Nxg5 e6 
8. Qd2 h6 9. Nf3 exd5 10. b4 O-O 11. e3 Qd6 12. Rb1 a6 13. Bd3 Bg4 14. h3 Bxf3 
15. gxf3 Nd7 16. f4 Rfe8 17. Kf1 c6 18. h4 Nf6 19. a4 b6 20. a5 bxa5 
21. bxa5 c5 22. Rb6 Qc7 23. h5 cxd4 24. exd4 Rac8 25. Ne2 Nxh5 26. f5 Rxe2 
27. Kxe2 Nf4+ 28. Kf3 g5 29. f6 Bf8 30. Bf5 Qd8 31. Rg1 Kh8 32. Bxc8 Qxc8 
33. Rg4 Ng6 34. Kg3 Bd6+ 35. Rxd6 Qb8 36. Kg2 Qxd6 37. Rg3 Qxf6 38. Rb3 Nf4+ 
39. Kh2 Qg6 40. Qd1 Kg7 41. Qf3 Qe6 42. Rb6 Qc8 43. Qg3 f6 44. Qe3 Kf7 
45. Qf3 h5 46. Qb3 Qf5 47. Rxa6 Qe4 48. Qg3 h4 49. Qg4 Kg6 50. Rc6 Qxd4 
51. Qf3 Kf5 52. Qe3 Qa1 53. Qc3 Qf1 54. Rxf6+ Kg4 55. f3+ Kh5 56. Rxf4 Qf2+ 
57. Kh1 Qf1+ 
1/2-1/2

[Event "34th Chess Olympiad (men)"]
[Site "Istanbul"]
[Date "2000.11.04"]
[Round "7.11.2"]
[White "Gallagher, Joseph G"]
[Black "Valenzuela, Luis"]
[WhiteElo "2514"]
[BlackElo "2426"]
[WhiteCountry "SUI"]
[BlackCountry "CHI"]
[Result "1-0"]

1. e4 c5 2. Nf3 d6 3. d4 cxd4 4. Nxd4 Nf6 5. Nc3 a6 6. Bd3 e5 7. Nde2 Be7 
8. O-O Be6 9. f4 Qc7 10. Kh1 h5 11. a4 Nbd7 12. a5 Rc8 13. Be3 g6 14. Qd2 Kf8 
15. Na4 Qc6 16. Nec3 Kg7 17. Nb6 Nxb6 18. Bxb6 h4 19. f5 gxf5 20. exf5 Bc4 
21. h3 Rh5 22. Be3 d5 23. Bg5 Bxd3 24. cxd3 Kf8 25. Rac1 Qd7 26. Rce1 Qd6 
27. Re2 Rc6 28. Rfe1 d4 29. Bxf6 dxc3 30. Bxe7+ Qxe7 31. bxc3 Rxf5 32. d4 Qg5 
33. Qb2 Rcf6 34. Kg1 exd4 35. cxd4 Kg7 36. Qxb7 Rxa5 37. Re5 Rxe5 38. dxe5 Re6 
39. Qd5 Rb6 40. Qd4 Rg6 41. Qd5 Qf4 42. Rf1 Qe3+ 43. Kh1 Kh6 44. Rxf7 Qe1+ 
45. Kh2 a5 46. Rf3 Qe2 47. Rf8 Kh7 48. Qf7+ Kh6 49. Rh8+ Kg5 50. Qe7+ Kf5 
51. Rf8+ 
1-0

[Event "34th Chess Olympiad (men)"]
[Site "Istanbul"]
[Date "2000.11.04"]
[Round "7.11.3"]
[White "Michel, Yunis Christian D"]
[Black "Pelletier, Yannick"]
[WhiteElo "2380"]
[BlackElo "2474"]
[WhiteCountry "CHI"]
[BlackCountry "SUI"]
[Result "0-1"]

1. d4 Nf6 2. Nf3 e6 3. c4 b6 4. a3 Bb7 5. Nc3 d5 6. cxd5 Nxd5 7. Qc2 Nxc3 
8. bxc3 Be7 9. e4 O-O 10. Bd3 c5 11. O-O Qc8 12. Qe2 Ba6 13. Bf4 Bxd3 
14. Qxd3 cxd4 15. cxd4 Qa6 16. Rfd1 Qxd3 17. Rxd3 Nd7 18. Ne5 Nxe5 19. Bxe5 f6 
20. Bg3 f5 21. exf5 Rxf5 22. Rc1 Ra5 23. Rcc3 Bf6 24. Kf1 Rd8 25. Be5 Bxe5 
26. dxe5 Rxd3 27. Rxd3 g5 28. f3 Kf7 29. Kf2 Ke7 30. Re3 Rc5 31. Kg3 Rc4 
32. Rd3 h6 33. Kf2 Rc2+ 34. Kg3 Re2 35. f4 Re4 36. fxg5 hxg5 37. Kf3 Rxe5 
38. g3 Rd5 39. Rxd5 exd5 40. h4 gxh4 41. gxh4 b5 42. Ke3 a5 43. Kd4 
0-1

[Event "34th Chess Olympiad (men)"]
[Site "Istanbul"]
[Date "2000.11.04"]
[Round "7.11.4"]
[White "Jenni, Florian"]
[Black "Salas, Cristian"]
[WhiteElo "2440"]
[BlackElo "2300"]
[WhiteCountry "SUI"]
[BlackCountry "CHI"]
[Result "1-0"]

1. e4 c5 2. Nf3 d6 3. d4 cxd4 4. Nxd4 Nf6 5. Nc3 Nc6 6. f3 e5 7. Nb3 Be7 
8. Be3 O-O 9. Qd2 a5 10. Bb5 Be6 11. Rd1 Qc7 12. Qf2 Nd7 13. O-O b6 
14. Nd5 Bxd5 15. exd5 Ncb8 16. a4 Bf6 17. c3 Bd8 18. f4 e4 19. Rfe1 Nc5 
20. Bxc5 bxc5 21. Rxe4 Nd7 22. Qf3 Nf6 23. Re2 h5 24. Nd2 g6 25. g3 Kg7 
26. Kg2 Rh8 27. h3 Ra7 28. Nc4 Qb8 29. Rde1 Rf8 30. Bc6 Bc7 31. Na3 Ra6 
32. Nb5 Bd8 33. Rh1 Rh8 34. g4 hxg4 35. hxg4 Rxh1 36. Kxh1 Ng8 37. Qh3 Be7 
38. g5 Qd8 39. Rh2 Kf8 40. Qg4 Kg7 41. Rh4 f6 42. Qh3 
1-0

[Event "34th Chess Olympiad (men)"]
[Site "Istanbul"]
[Date "2000.11.04"]
[Round "7.12.1"]
[White "Marin, Mihail"]
[Black "Stefansson, Hannes"]
[WhiteElo "2557"]
[BlackElo "2557"]
[WhiteCountry "ROM"]
[BlackCountry "ISL"]
[Result "1-0"]

1. c4 Nf6 2. Nc3 e5 3. Nf3 Nc6 4. g3 d5 5. cxd5 Nxd5 6. Bg2 Nb6 7. O-O Be7 
8. d3 O-O 9. a3 Be6 10. b4 a5 11. b5 Nd4 12. Bb2 Bb3 13. Qc1 Be6 14. Rb1 f6 
15. Nxd4 exd4 16. Ne4 Na4 17. Ba1 Ba2 18. Qc2 Bxb1 19. Rxb1 Nb6 20. Nc5 Bxc5 
21. Qxc5 Rb8 22. Bxd4 Qd7 23. Bc3 a4 24. Ba5 Rfe8 25. Bf3 Re5 26. Qb4 Qe6 
27. Bxb6 Qxb6 28. d4 Ree8 29. Qxa4 Ra8 30. Qc4+ Kh8 31. a4 Red8 32. e3 f5 
33. Rc1 Rd7 34. Qc5 Qxc5 35. Rxc5 Rxa4 36. Rxf5 g6 37. Rc5 b6 38. Rc2 Kg7 
39. h4 Rb4 40. Kg2 Re7 41. Bc6 Ra4 42. Rd2 Re6 43. Rc2 Re7 44. g4 Rb4 
45. g5 Ra4 46. Rd2 Re6 47. Rd3 Kh8 48. f4 Ra2+ 49. Kg3 Re2 50. e4 R2xe4 
51. Bxe4 Rxe4 52. Kf3 Re7 53. Rc3 Kg8 54. Rc6 Kf7 55. d5 Rd7 56. Ke4 Ke8 
57. Ke5 Rf7 58. Rf6 
1-0

[Event "34th Chess Olympiad (men)"]
[Site "Istanbul"]
[Date "2000.11.04"]
[Round "7.12.2"]
[White "Olafsson, Helgi"]
[Black "Rogozenko, Dorian"]
[WhiteElo "2478"]
[BlackElo "2531"]
[WhiteCountry "ISL"]
[BlackCountry "ROM"]
[Result "1/2-1/2"]

1. d4 d5 2. c4 c6 3. Nc3 Nf6 4. e3 a6 5. Qc2 g6 6. Bd3 Bg7 7. Nf3 O-O 
8. O-O Bg4 9. Ne5 Be6 10. Bd2 dxc4 11. Nxc4 b5 12. Ne5 c5 13. dxc5 Qc7 
14. Nf3 Qxc5 15. Rac1 Nbd7 16. b4 Qd6 17. a4 bxa4 18. Nxa4 Rfc8 19. Qb1 Ba2 
1/2-1/2

[Event "34th Chess Olympiad (men)"]
[Site "Istanbul"]
[Date "2000.11.04"]
[Round "7.12.3"]
[White "Grigore, George"]
[Black "Thorhallsson, Throstur"]
[WhiteElo "2508"]
[BlackElo "2454"]
[WhiteCountry "ROM"]
[BlackCountry "ISL"]
[Result "1/2-1/2"]

1. d4 d5 2. c4 dxc4 3. Nf3 Nf6 4. e3 e6 5. Bxc4 a6 6. O-O c5 7. Bd3 cxd4 
8. exd4 Nc6 9. Nc3 Be7 10. Re1 O-O 11. Bg5 b5 12. Ne4 Nxe4 13. Bxe4 Bxg5 
14. Bxc6 Ra7 15. Nxg5 Qxg5 16. Rc1 Rd8 17. d5 exd5 18. Qxd5 Qxd5 19. Bxd5 Rad7 
20. Bb3 Bb7 21. f3 g6 22. Kf2 
1/2-1/2

[Event "34th Chess Olympiad (men)"]
[Site "Istanbul"]
[Date "2000.11.04"]
[Round "7.12.4"]
[White "Gunnarsson, Jon Viktor"]
[Black "Ionescu, Constantin"]
[WhiteElo "2368"]
[BlackElo "2492"]
[WhiteCountry "ISL"]
[BlackCountry "ROM"]
[Result "1/2-1/2"]

1. e4 c5 2. Nf3 e6 3. d4 cxd4 4. Nxd4 a6 5. Be2 Nf6 6. Nc3 d6 7. a4 Nc6 
8. O-O Qc7 9. Kh1 Be7 10. f4 O-O 11. Bf3 Nxd4 12. Qxd4 e5 13. Qf2 exf4 
14. Bxf4 Be6 15. Qg3 Nd7 16. Nd5 Bxd5 17. exd5 Rfe8 18. Rae1 Bf8 19. c3 Nc5 
20. Bd1 
1/2-1/2

[Event "34th Chess Olympiad (men)"]
[Site "Istanbul"]
[Date "2000.11.04"]
[Round "7.13.2"]
[White "Nataf, Igor-Alexandre"]
[Black "Hracek, Zbynek"]
[WhiteElo "2526"]
[BlackElo "2612"]
[WhiteCountry "FRA"]
[BlackCountry "CZE"]
[Result "0-1"]

1. e4 e6 2. d4 d5 3. Nc3 Nf6 4. Bg5 dxe4 5. Nxe4 Nbd7 6. Nf3 h6 7. Nxf6+ Nxf6 
8. Bh4 c5 9. Bc4 a6 10. a4 Be7 11. O-O cxd4 12. Qe2 O-O 13. Rad1 Qb6 
14. Rxd4 Qxb2 15. Rfd1 b5 16. axb5 axb5 17. Bxb5 Bb7 18. Ra4 Rxa4 19. Bxa4 Ra8 
20. Bb3 Ne4 21. Qb5 Bd5 22. Qf1 Bxh4 23. Nxh4 Bxb3 24. cxb3 Qxb3 25. Ra1 Rxa1 
26. Qxa1 Nd2 27. Kh1 Qd5 28. Qc3 Ne4 29. Qe1 Qd1 30. Qxd1 Nxf2+ 31. Kg1 Nxd1 
32. Nf3 g5 
0-1